Wednesday Netflix Characters - Statistics

General Stats
  • This quiz has been taken 165 times
  • The average score is 13 of 22
Answer Stats
Hint Answer % Correct
Jenna Ortega Wednesday Addams
99%
Emma Myers Enid Sinclair
92%
Luis Guzman Gomez Addams
88%
Catherine Zeta - Jones Morticia Addams
86%
Hunter Doohan Tyler Galpin
85%
Issac Ordonez Pugsley Addams
79%
Joy Sunday Bianca Barclay
77%
Percy Hynes White Xavier Thorpe
77%
Gwendoline Christie Larissa Weems
64%
Georgie Farmer Ajax Petropolus
63%
Victor Dorobantu Thing
60%
Moosa Mostafa Eugene Otinger
59%
Christina Ricci Marilyn Thornhill / Laurel Gates
57%
Fred Armisen Fester Addams
55%
Naomi J. Ogawa Yoko Tanaka
45%
Riki Lindhome Dr. Valerie Kinbott
41%
Calum Ross Rowan Laslow
28%
William Houstan Joseph Crackstone
27%
Iman Marson Lucas Walker
27%
George Burcea Lurch
27%
Jamie McShane Sheriff Donovan Galpin
21%
Tommie Earl Jenkins Mayor Noble Walker
16%
No matching quizzes found
Score Distribution
Percent of People with Each Score
Percentile by Number Answered
Your Score History
You have not taken this quiz